000 00382nam a2200145Ia 4500
008 230917s9999||||xx |||||||||||||| ||und||
040 _e106628
_aMAIN
041 _aEnglish
082 _a784.49543 S38B
100 _aShrivastav, Veena
245 0 _aBundelkhandi: lokgeeton men sangeetik tatra
260 _aNew Delhi
_bRadha Publications
_c2004
300 _a405 p.
942 _cBK
999 _c123456
_d123456